বাংলাদেশের কমিউনিস্ট পার্টিসমূহের দলিলপত্র: (Record no. 26165)
[ view plain ]
| 000 -LEADER | |
|---|---|
| fixed length control field | 01094nam a22002057a 4500 |
| 003 - CONTROL NUMBER IDENTIFIER | |
| control field | BDDh-ASL |
| 005 - DATE AND TIME OF LATEST TRANSACTION | |
| control field | 20231015030616.0 |
| 008 - FIXED-LENGTH DATA ELEMENTS--GENERAL INFORMATION | |
| fixed length control field | 211002s2020 ||||| |||| 00| 0 eng d |
| 040 ## - CATALOGING SOURCE | |
| Transcribing agency | BDDh-ASL |
| 082 ## - DEWEY DECIMAL CLASSIFICATION NUMBER | |
| Classification number | 324.25492 |
| Item number | BAN |
| 245 10 - TITLE STATEMENT | |
| Title | বাংলাদেশের কমিউনিস্ট পার্টিসমূহের দলিলপত্র: |
| Remainder of title | মস্কোপন্থি। ১ম খণ্ড, ১৯৫৩-১৯৮০ / |
| 246 ## - VARYING FORM OF TITLE | |
| Title proper/short title | Bangladesher Communist Partisamuher Dalilpatra, Moscow Panthi vol.-01 |
| 260 ## - PUBLICATION, DISTRIBUTION, ETC. | |
| Place of publication, distribution, etc. | ঢাকা: |
| Name of publisher, distributor, etc. | সময় প্রকাশন, |
| Date of publication, distribution, etc. | ২০২০। |
| 300 ## - PHYSICAL DESCRIPTION | |
| Extent | ৪৪৮ পৃষ্ঠা, : |
| Dimensions | ২২ সে. মি. |
| 504 ## - BIBLIOGRAPHY, ETC. NOTE | |
| Bibliography, etc. note | নিঘন্ট সংযুক্ত । |
| 650 #0 - SUBJECT ADDED ENTRY--TOPICAL TERM | |
| 9 (RLIN) | 2492 |
| Topical term or geographic name entry element | Political Science |
| General subdivision | Communist Movement (কমিউনিস্ট আন্দোলন) |
| Geographic subdivision | Bangladesh (বাংলাদেশ) |
| Chronological subdivision | ১০৫৩-১৯৮০ |
| 650 #0 - SUBJECT ADDED ENTRY--TOPICAL TERM | |
| 9 (RLIN) | 981 |
| Topical term or geographic name entry element | Bengal History |
| General subdivision | দলিলপত্র |
| 700 1# - ADDED ENTRY--PERSONAL NAME | |
| 9 (RLIN) | 4463 |
| Personal name | রহমান, মুর্শিদা বিনতে |
| 942 ## - ADDED ENTRY ELEMENTS (KOHA) | |
| Source of classification or shelving scheme | Dewey Decimal Classification |
| Koha item type | Books |
| Withdrawn status | Lost status | Source of classification or shelving scheme | Damaged status | Not for loan | Collection code | Home library | Current library | Shelving location | Date acquired | Source of acquisition | Serial Enumeration / chronology | Total Checkouts | Full call number | Barcode | Date last seen | Copy number | Price effective from | Koha item type |
|---|---|---|---|---|---|---|---|---|---|---|---|---|---|---|---|---|---|---|
| Dewey Decimal Classification | Non-fiction | Asiatic Society Library | Asiatic Society Library | General Stacks | 10/02/2021 | Complementary | V-1 | 324.25492 BAN | 112142 | 10/02/2021 | C-1 | 10/02/2021 | Books |